France Footballers 100 or International Caps - Sudden Death - Statistics

General Stats
  • This quiz has been taken 574 times
  • The average score is 3 of 9
Answers on the Grid
Answers color-coded by a green-red scale on the quiz's grid according to % correct below.
Antoine Griezmann
Bacary Sagna
Bixente Lizarazu
Blaise Matuidi
Claude Makélélé
David Trezeguet
Didier Deschamps
Emmanuel Petit
Eric Abidal
Eric Cantona
Fabien Barthez
Florent Malouda
Franck Ribéry
Hugo Lloris
Jean-Pierre Papin
Karim Benzema
Kylian Mbappé
Laurent Blanc
Lilian Thuram
Marcel Desailly
Michel Platini
N'Golo Kanté
Olivier Giroud
Patrice Evra
Patrick Vieira
Paul Pogba
Raphaël Varane
Sylvain Wiltord
Thierry Henry
William Gallas
Youri Djorkaeff
Zinedine Zidane
 
Answer Stats
Answer % Correct
Antoine Griezmann
79%
Hugo Lloris
30%
Thierry Henry
30%
Didier Deschamps
29%
Zinedine Zidane
26%
Olivier Giroud
21%
Patrick Vieira
17%
Lilian Thuram
16%
Marcel Desailly
9%
No matching quizzes found
Score Distribution
Percent of People with Each Score
Percentile by Number Answered
Your Score History
You have not taken this quiz